000 01159nam a2200349 i 4500
001 17322
003 KOSZ 005
005 20210211093938.0
008 010809s1977 pl a |000 0 pol
015 _aPB 1977/3987
040 _aWA N
_cWA N
_dKOSZ 005/HR
041 0 _apol
046 _k1977
080 _a658.56
080 _a006.3/.8
100 1 _aCiszak, Janina
_eAutor
245 1 0 _aStatystyczna kontrola jakości w normach i w praktycznym zastosowaniu /
_cJanina Ciszak, Stanisław Czernicki.
250 _aWyd. 3 /
_boprac. J. Ciszak.
260 _aWarszawa :
_bWydawnictwa Normalizacyjne,
_c1977.
300 _a182, [1] s., [4] k. tabl. :
_bil., tab., wykr. +
_eTablice ([31] k. : tab., wykr.) ;
_c21 cm.
380 _aKsiążki
388 _a1901-2000
388 _a1945-1989
504 _aBibliogr.
650 4 _aJakość produktu
650 4 _aKontrola jakości
650 4 _aNormalizacja
655 7 _aPodręcznik
700 1 _aCzernicki, Stanisław
_eAutor
856 _uhttp://koha.tu.koszalin.pl/cgi-bin/koha/opac-detail.pl?biblionumber=17322
_yKatalog online BPK
942 _2UKD
_cKS
999 _c17322
_d17322